000 00198 a2200097 4500
001 8564
100 _aChawala har charn
245 _aDhai Akhar
260 _a
_bSang-e-Meel
_c
090 _c6891
_d6891
942 _aNUST-CAE
_cM
_c33479
999 _c243637
_d243637